| 000 | 00431nam a22001697a 4500 | ||
|---|---|---|---|
| 003 | BD-DhUL | ||
| 005 | 20180319122143.0 | ||
| 008 | 180319s1929 pk ||||| |||| 00| 0 urd d | ||
| 040 |
_aBD-DhUL _cBD-DhUL |
||
| 082 |
_a304 _bISN |
||
| 100 | 0 | _aاشفاق | |
| 245 | 1 |
_aنوائے تلخ / _cاشفاق |
|
| 260 |
_aلاہور : _b، _c۔۱۹۲۹ |
||
| 300 |
_aص۔ ۱۶۸ ؛ _c۱۸ سم۔ |
||
| 650 | 0 | _aRelation | |
| 942 |
_2ddc _cBK |
||
| 999 |
_c239388 _d239388 |
||